000 00615nam a2200241Ia 4500
003 OSt
005 20220912151334.0
006 a|||||r|||| 00| 0
007 ta
008 220909b |||||||| |||| 00| 0 eng d
024 _a40141
037 _cTextual
040 _aCSL
_beng
_cCSL
041 _aeng
082 _aB28, K7
100 _aBackhouse J K
245 0 _aStatistics: An introduction to tests if significance
260 _aLondon
_bLongmans
_c1967
300 _aix,197p.
_ccm.
650 _aStatistics
942 _hB28, K7
_cTEXL
_2CC
999 _c66316
_d66316